000 01597nam a2200301Ia 4500
999 _c55873
_d55873
001 22971
003 GE_BSU
005 20230608172621.0
008 181216s ||||ge |||||||||||||| ||geo||
040 _cGE_BSU
041 _ageo
080 _a821.353.1(060.55) ა-89
245 _aასურელ მოღვაწეთა ცხოვრების წიგნთა ძველი რედაქციები :
_bტექსტები გამოკვლევითა და ლექსიკონით /
_cგამოსცა ილია აბულაძემ.
264 _aთბილისი :
_b სახელმწ. უნ-ტის გამ-ბა,
_c1955.
300 _a222 გვ. ;
_c24 სმ.
490 _aძველი ქართული ენის კათედრის შრომები
_v1
500 _aპარალ. სათ. რუს. ენაზე
501 _aლექს. : გვ. 215-219
520 _aპარალ. სათ. რუს. ენ.
541 _h2 ლ.
653 _aასურელ მოღვაწეთა ცხოვრების წიგნთა ძველი რედაქციები
653 _aსაქართველო
653 _aძველი ქართული მწერლობა
653 _aშრომები
653 _aტექსტები გამოკვლევითა და ლექსიკონით
700 _aაბულაძე, ილია
_eგამოსცა
_93494
942 _cBK
_2udc